Geografía

محفوظ في:
التفاصيل البيبلوغرافية
التنسيق: كتاب
اللغة:الإسبانية
منشور في: Santiago Antartida 1987
الطبعة:3a. ed
سلاسل:Chile a color
الموضوعات:
الوسوم: إضافة وسم
لا توجد وسوم, كن أول من يضع وسما على هذه التسجيلة!

MARC

LEADER 00000nam a2200000 a 4500
001 UCK7520
003 CL-VaPUC
008 051125e19870000CL |||||||||||||||||spa|d
082 0 4 |a 918.83  |b GEO  |2 21 
245 1 0 |a Geografía 
250 |a 3a. ed 
300 |a 499 p 
942 |c BK 
945 |d 20051125 00:00:00  |a jtorresc 
260 |a Santiago  |b Antartida  |c 1987 
650 0 |a Geografía  |9 259346 
650 7 |a REGIONES  |2 CL-VaPUC  |9 357787 
650 7 |a PROVINCIASGEOGRAFIA HUMANA  |2 CL-VaPUC  |9 497044 
650 0 |a Geografía económica   |9 267757 
650 7 |a REGIONES  |2 CL-VaPUC  |9 357787 
650 0 |a Provincias  |9 369155 
651 7 |a CHILE  |2 CL-VaPUC  |9 497045 
583 |a last modification  |c 20051125 00:00:00  |k Rodrigo Vera 
490 0 |a Chile a color 
999 |c 315427  |d 315425 
952 |0 0  |1 0  |4 0  |6 918_830000000000000_GEO_1987  |7 0  |8 X  |9 388677  |a BIBING  |b BIBING  |d 2019-11-22  |i 4185447  |o 918.83 GEO 1987  |p 4185447  |r 2025-01-20  |w 2019-11-22  |y BK_X  |k GEO